Problems of the liberalizing operation of the recognition standars for international contract of introduction of technology
Saved in:
| Format: | Book |
|---|---|
| Language: | Undetermined |
| Published: |
Tokyo
Trade Bulletin Corporation
1968
|
| Subjects: | |
| Tags: |
Add Tag
No Tags, Be the first to tag this record!
|
| Institutions: | Trung tâm Học liệu Trường Đại học Cần Thơ |
|---|
| LEADER | 00518nam a2200157Ia 4500 | ||
|---|---|---|---|
| 001 | CTU_95418 | ||
| 008 | 210402s9999 xx 000 0 und d | ||
| 082 | |a 346.02 | ||
| 082 | |b P962 | ||
| 245 | 0 | |a Problems of the liberalizing operation of the recognition standars for international contract of introduction of technology | |
| 260 | |a Tokyo | ||
| 260 | |b Trade Bulletin Corporation | ||
| 260 | |c 1968 | ||
| 650 | |a Contract,Commerce law | ||
| 904 | |i Tuyến | ||
| 980 | |a Trung tâm Học liệu Trường Đại học Cần Thơ | ||